La tercera muerte de la Revolución mexicana : historiografía reciente y futuro en el estuido de la Revolución /

Guardado en:
Detalles Bibliográficos
Autor principal: Barrón, Luis (autor)
Formato: Libro
Idioma:Español
Publicado: México : CIDE, 2002, c2002
Colección:(Documento de Trabajo. División de Historia ; 20)
Temas:
Etiquetas: Agrega una etiqueta
Sin etiquetas, Sé el primero en etiquetar este registro!

MARC

LEADER 00000nam^a2200000^a^4500
001 000174666
005 20250521000000.0
009 20260310101536.648
037 |a Acervo ITESO - Biblioteca 
041 |a ESP 
082 |a 972. 061  |b BAR 
100 |a Barrón, Luis  |e (autor) 
245 1 3 |a La tercera muerte de la Revolución mexicana :  |b historiografía reciente y futuro en el estuido de la Revolución /  |c L. Barrón. 
264 4 |a México :  |b CIDE,  |c 2002, c2002 
300 |a 49 p. 
336 |a texto  |b txt  |2 rdacontenido 
337 |a sin mediación  |b n  |2 rdamedio 
338 |a volumen  |b nc  |2 rdasoporte 
440 1 |a (Documento de Trabajo.  |p División de Historia ;  |v 20) 
649 |a XX 
650 |a Política -  |z México -  |x Historia -  |y Siglo XX 
650 |a Ideología -  |z México -  |x Historia 
650 |a Transición Política -  |z México -  |x Historia 
650 |a México -  |x Historia -  |y Revolución, 1910-1917 
650 |a México -  |x Historia -  |y Siglo XX 
650 |a México -  |x Historia -  |x Documentos 
650 |a México -  |x Condiciones Políticas 
650 |a Historiografía -  |z México -  |x Historia -  |y Siglo XX 
650 |a Investigación 
650 |a Metodología 
910 |a Fondo General 
920 |a Impresos - Libros 
930 |a Colección General 
905 |a 101 
901 |a 0500112628  |b IT1  |c ACC  |u 20250521 
902 |a https://opac.biblio.iteso.mx/vufind/Record/000174666